000 00691nam a22002177a 4500
003 UA-OsUOA
001 135948
007 ta
008 20190225b un ||||| |||| 00| 0 ukr d
100 _aГороденська К.
090 _a81
_bГ70
942 _cSA
040 _aUA-OsUOA
_bukr
_cUA-OsUOA
_dUA-OsUOA
245 _aМорфологія в контексті академічної лінгвоукраїністики
300 _aС. 3-22
955 _a0
041 _aukr
080 _a81
773 0 _w135947
_tУкраїнська мова
_dК.
_d2018
_g4
650 7 _a8 Мовознавство. Художня література. Літературознавство
_2UDC
999 _c420347
_d420347